000 00569nam a2200193Ii 4500
003 JO-AjNU
008 230605s9999||||xx |||||||||||||| ||und||
040 _aJO-AjNU
_bara
_erda
_cJO-AjNU
041 _aara
050 1 4 _aPJ7816.A31.J4422
100 3 _aباكثير، علي أحمد,
_eauthor
_936757
245 0 0 _aجلفدان هانم
264 3 1 _aمصر: مكتبة مصر، د.ت
300 _a158ص
336 _atext
_btxt
_2rdacontent
337 _aunmediated
_bn
_2rdamedia
338 _avolume
_bnc
_2rdacarrier
650 4 _aروايات عربية
_936758
999 _aA15300
_c18868
_d18868